1279 1421 1140 1964 1600 1736 1664 1095 1530 1815 1869 1299 1362 1350 1375 1438 1605 1229 1117 1467 1932 1220 1394 1849 1150 1809 1932 1444 1961 1826 1433 1991 1122 1783 1413 1957 1454 1940 1492 1773 1453 1662 1689 1678 1901 1986 1766 1371 1197 1128 1404 1956 1261 1707 1684 1397 1060 1521 1164 1398 1702 1398 1361 1356 1924 1169 1569 1186 1019 1585 1372 1841 1040 1181 1561 1269 1965 1730 1437 1884 1570 1689 1176 1970 1769 1899 1535 1574 1101 1780 1335 1925 1718 1624 1740 1516 1560 1448 1080 BCNSPRNW ULIB Ver.6.0+V

เปลี่ยนเป็นภาษาไทย

Change to English
 แสดงรายละเอียดบรรณานุกรม
  กลับหน้าหลัก

Brief Record : Get Marc (ISO 2709) : E-mail record : QR code < ปิดหน้าต่าง
LEADER : 00000nas 2200000uu 4500
001    13399113690
003     ULIB
008    020711s|||| th a 000 0 tha d
022    ^a08596808
110    ^aวารสารวิทยาลัยพยาบาลบรมราชชนนี อุตรดิตถ์
245    ^aวารสารวิทยาลัยพยาบาลบรมราชชนนี อุตรดิตถ์
260    ^aอุตรดิตถ์ :^bวารสารวิทยาลัยพยาบาลบรมราชชนนี อุตรดิตถ์,^cม.ป.ป.
310    ^aราย 6 เดือน
850 ^a ULIB^bปีที่ 2 ฉบับที่ 3 ;ปีที่ 1 ฉบับที่ 4 ;ปีที่ 2 ฉบับที่ 4 ;ปีที่ 1 ฉบับที่ 5 ;ปีที่ 1 ฉบับที่ 7 ฉ.1 ;ปีที่ 2 ฉบับที่ 7 ฉ.1 ;ปีที่ 1 ฉบับที่ 8 ฉ.1 ;ปีที่ 2 ฉบับที่ 8 ฉ.1 ;ปีที่ 9 ฉบับที่ 2 ฉ.1
945    ^p0^l0^i900008
945    ^p0^l0^i900527
945    ^p0^l0^i900972
945    ^p0^l0^i901366
945    ^p0^l0^i903269
945    ^p0^l0^i903735
945    ^p0^l0^i903959
945    ^p0^l0^i904299
945    ^p0^l0^i904857
999    ^aวรรณษา ชูชัยมงคล
รายการนี้ยังไม่มีแท็ก
คุณยังไม่ได้ล็อกอิน คุณสามารถมีกิจกรรมร่วมกับเว็บไซต์ได้ แต่ต้องล็อกอินก่อน ::
  ล็อกอิน

รายการสื่อสารสนเทศ (วารสาร)

ดูแบบ: กล่อง รายการ
ARRIVED
ปีที่ 2 ฉบับที่ 3
สถานที่: ห้องสมุดวิทยาเขตสวรรค์ประชารักษ์ >หนังสือทั่วไป
ARRIVED
ปีที่ 1 ฉบับที่ 4
สถานที่: ห้องสมุดวิทยาเขตสวรรค์ประชารักษ์ >วารสาร
ARRIVED
ปีที่ 2 ฉบับที่ 4
สถานที่: ห้องสมุดวิทยาเขตสวรรค์ประชารักษ์ >วารสาร
ARRIVED
ปีที่ 1 ฉบับที่ 5
สถานที่: ห้องสมุดวิทยาเขตสวรรค์ประชารักษ์ >วารสาร
ARRIVED
ปีที่ 1 ฉบับที่ 7 ฉ.1
สถานที่: ห้องสมุดวิทยาเขตสวรรค์ประชารักษ์ >หนังสือพิมพ์
ARRIVED
ปีที่ 2 ฉบับที่ 7 ฉ.1
สถานที่: ห้องสมุดวิทยาเขตสวรรค์ประชารักษ์ >หนังสือพิมพ์
ARRIVED
ปีที่ 1 ฉบับที่ 8 ฉ.1
สถานที่: ห้องสมุดวิทยาเขตสวรรค์ประชารักษ์ >หนังสือพิมพ์
ARRIVED
ปีที่ 2 ฉบับที่ 8 ฉ.1
สถานที่: ห้องสมุดวิทยาเขตสวรรค์ประชารักษ์ >หนังสือพิมพ์
ARRIVED
ปีที่ 9 ฉบับที่ 2 ฉ.1
สถานที่: ห้องสมุดวิทยาเขตสวรรค์ประชารักษ์ >วารสาร
รายการใกล้เคียง
    ผู้แต่ง []

BibComment


ยังไม่เคยถูกคอมเมนท์

คอมเมนท์ทรัพยากรรายการนี้
  คอมเมนท์: วารสารวิทยาลัยพย..


 Copyright 2026. Bcnsprnw @Library